000 00689nam a2200253Ia 4500
003 OSt
005 20220918164513.0
006 a|||||r|||| 00| 0
007 ta
008 220917b |||||||| |||| 00| 0 eng d
020 _a0631228861 (pbk)
024 _a194,196
037 _cTextual
040 _aARTS
_cARTS
_beng
041 _2eng
_aeng
082 _aR491:g, P1
100 _aSantas Gerasimos
_919247
245 0 _aGoodness and justice
_b Plato, Aristotle, and the moderns
260 _aUSA
_bBlackwell
_c2001
300 _ax,300p.
_ccm.
650 _aGOOD AND EVIL
_919248
942 _hR491:g, P1
_cTEXL
_2CC
999 _c125113
_d125113